000 00626nam a22002297a 4500
003 UA-OsUOA
001 99434
007 ta
008 20130429b un ||||| |||| 00| 0 ukr d
100 _aТарле Е.В.
090 _a94 (4) "1939/1945"
_bТ20
942 _cBK
040 _aUA-OsUOA
_brus
_cUA-OsUOA
_dUA-OsUOA
245 _aПавел Степанович Нахимов
300 _a135 с.
955 _a4
041 _arus
080 _a94 (4) "1939/1945"
260 _aМ.
_bМолодая гвардия
_c1944
650 7 _a9 Географія. Біографії. Історія
_2UDC
999 _c385612
_d385612